Who was who 1929 - 1940 A Companion to Who's who containing the Biographies of those who died during the period 1929-1940
| Format: | Book |
|---|---|
| Language: | Undetermined |
| PhysicalDescription: | 1507 s. |
| Published: |
London
Adam And Charles Black
1967
|
MARC
| LEADER | 00000nam a2200000 a 4500 | ||
|---|---|---|---|
| 001 | vtls001431693 | ||
| 003 | SK-MaSNL | ||
| 005 | 20260224024545.0 | ||
| 008 | 020402s1967 xx 0 und | ||
| 035 | |a SNK000386737 | ||
| 040 | |a SNK |b slo |c SNK |e AACR2 | ||
| 245 | 1 | |a Who was who 1929 - 1940 |b A Companion to Who's who containing the Biographies of those who died during the period 1929-1940 | |
| 260 | |a London |b Adam And Charles Black |c 1967 | ||
| 300 | |a 1507 s. | ||
| 999 | |c 814113 |d 816043 | ||
| 952 | |t snkWHO/1929-1940 929(031) |a SNKUST |b SNKUST |y PREZ |7 0 |p 17A0329959 |o snkIC 84000/3/1923-1940 |i snkV 674/81 |0 0 |1 0 |4 0 |d 2002-04-02 |l 0 |r 2025-05-30 00:00:00 |w 2026-02-24 | ||


